000 00569nam a2200181Ia 4500
008 151018s9999 xx 000 0 und d
082 _bRBASDV22446
_a891.463
100 _aवा शि आपटे
245 _aशिकार वाघाची
250 _b1
260 _bप्रसाद प्रकाशन मुंबई
_c1987
300 _a104
600 _aवा शि आपटे
630 _aशिकार वाघाची
700 _aवा शि आपटे
730 _aशिकार वाघाची
942 _cBOOK
999 _c1022115
_d1022112